[Event "POL-chT 2nd League Juniors 2020"]
[Site "Sypniewo"]
[Date "2020.10.29"]
[Round "8.1"]
[White "Malik, Maciej"]
[Black "Chaczynski, Kamil"]
[Result "0-1"]
[WhiteElo "1671"]
[BlackElo "1929"]
[Annotator "TA"]
[PlyCount "178"]
[EventDate "2020.10.23"]
[EventType "team-tourn"]
[EventCountry "POL"]
[SourceTitle "playchess.com"]
[Source "ChessBase"]
[SourceQuality "1"]

{[%evp 15,178,10,36,-17,9,0,0,3,0,-8,-9,-69,-40,-51,-41,-70,-69,-63,-48,-75,-70,-93,-79,-110,-104,-117,-86,-95,-43,-228,-223,-227,-211,-227,-230,-220,-216,-208,-180,-175,-158,-159,-145,-184,-170,-181,-147,-160,-157,-185,-111,-102,-100,-112,-82,-78,-82,-100,0,-102,-111,-94,-103,-99,-92,-116,-83,-129,-89,-106,-69,-102,95,97,68,0,0,-227,-207,-300,-287,-296,-304,-290,-295,-295,-225,-219,-118,-187,-138,-219,-219,-219,-219,-219,-219,-474,-501,-502,-487,-462,-449,-454,-362,-423,-434,-423,-404,-950,-911,-792,-531,-6523,-6383,-4497,-2274,-2203,-1603,-1778,-1079,-29979,-29980,-29974,-12150,-5708,-11552,-11421,-4581,-3339,-1505,-12037,-12115,-10870,-10174,-12515,-9899,-12542,-10038,-5554,-2385,-1822,-1110,-1154,-1150,-6613,-6091,-29969,-29970,-29976,-29977,-29977,-29978,-29978,-29979,-29979,-29980,-29980,-29981,-29983,-29983,-29986,-29980,-29979,-29980]} 1. d4 Nf6 2. Nf3 g6 3. c4 Bg7 4. Nc3 O-O 5. Bg5 d6 6. e3 c5 7. Be2 h6 8. Bh4 Bf5 9. Qb3 {E61: King's Indian: Early deviations for White, including Smyslov System.} ({White should play} 9. O-O $14) 9... Nbd7 10. Rd1 {[#]} g5 $146 ({Predecessor:} 10... Qa5 11. O-O g5 12. Bg3 Qb4 13. Qxb4 cxb4 14. Nb1 Bc2 15. Rc1 Bg6 16. h3 Ne4 {½-½ (44) Knechtel,R (2266)-Lanka,Z (2445) Austria 2016}) 11. Bg3 {The position is equal.} Ne4 12. Nxe4 Bxe4 13. h4 ({White should try} 13. Qa3 $11) 13... g4 $36 {[%mdl 2048] Black has some pressure.} 14. Nh2 $1 h5 {White must now prevent ...cxd4.} 15. f3 gxf3 16. gxf3 Bg6 17. f4 Nf6 18. O-O Qd7 19. Bf3 Ne4 20. Be1 Kh8 21. Bg2 Bf5 (21... cxd4 $17 22. exd4 Rac8) 22. Qb5 $2 (22. Nf3 $15) 22... Qxb5 $19 23. cxb5 cxd4 24. exd4 Rac8 25. Bxe4 Bxe4 26. Bc3 Bf6 27. Nf3 Bxf3 28. Rxf3 Rg8+ ({But not} 28... Bxh4 29. Rh3 $17) 29. Kf2 Rg4 ({Don't take} 29... Bxh4+ 30. Ke3 $17) 30. Rh1 Rcg8 ({Stronger than} 30... Bxh4+ 31. Ke2 $11) 31. Ke3 d5 32. Be1 Kh7 (32... Rc8 $19 33. Bc3 Kh7) 33. Bf2 $17 Rc8 34. Kd3 Kg6 35. f5+ Kh7 36. b3 Kg7 (36... Rg2 $17) 37. Re1 (37. Rg3 $11) 37... Kf8 38. Rh1 Ke8 39. a4 Kd7 40. a5 Rg2 41. Rf4 Bg7 42. Rf3 Bh6 43. Re1 Bc1 $2 {[#]} (43... f6 $1 $17 {keeps the pressure on.}) 44. Re5 $1 $16 Kd6 {Hoping for ...Bb2.} 45. Be1 (45. f6 $1 $14 e6 46. Rxh5) 45... Ba3 $11 46. Bg3 $2 (46. f6 $11 e6 47. Rxh5) 46... Bb4 {[%csl Gb4][%cal Rc8c3]} 47. Be1 (47. Bf2 {keeps fighting.}) 47... Bxe1 $19 48. Rxe1 {[%mdl 4096] Endgame KRR-KRR} Rb2 49. Ke3 Rxb3+ 50. Kf4 Rxf3+ 51. Kxf3 {KR-KR} Rg8 (51... Rc4 $19 52. Ke3 Ra4) 52. Rc1 (52. Re5 $17 {is a better defense.}) 52... Rg4 53. Rc8 (53. a6 $17 bxa6 54. Rc6+ Kd7 55. Rxa6 Rxd4 56. Rxa7+ Kd6 57. Ra6+ Ke5 58. Ra7) 53... Rxd4 54. Rb8 Ra4 55. Rxb7 Rxa5 56. Kf4 $2 (56. f6 {is the only way for White.} exf6 57. Rxf7) 56... f6 57. Rb8 Ra4+ 58. Kg3 Ke5 59. Rh8 Rf4 60. Re8 Kxf5 61. Rxe7 Rb4 62. Rxa7 (62. Rb7 $142) 62... Rxb5 63. Ra3 d4 64. Rf3+ Ke5 65. Ra3 Rc5 {( -> ...Rc3+)} 66. Ra8 Rc3+ 67. Kf2 Kf4 68. Ra5 Rc2+ 69. Ke1 d3 (69... Ke3 $142 70. Ra1 Rh2 71. Ra3+ d3 72. Kf1 f5 73. Ra7 Rxh4 74. Ra2 Rh1+ 75. Kg2 {[#]} d2 $1 {[%mdl 512]} 76. Ra3+ Kf4 77. Kxh1 d1=Q+ 78. Kh2 Qd2+ 79. Kh3 Qc1 80. Ra4+ Kg5 81. Ra2 Qh1+ 82. Kg3 h4+ 83. Kf2 Qh2+ 84. Ke3 Qxa2 85. Kd4 h3 86. Ke5 h2 87. Kd6 h1=Q 88. Kc7 Qa6 89. Kd8 Qd6+ 90. Ke8 Qh5#) 70. Ra6 f5 71. Rd6 Rh2 (71... Kg4 $142 72. Rxd3 Kxh4) 72. Rxd3 Rxh4 (72... Kg4 $142 73. Kf1 Kxh4) 73. Kf2 Rh2+ 74. Kg1 Ra2 75. Rb3 Kg4 76. Kh1 f4 77. Kg1 Re2 78. Kf1 Re3 79. Rb8 Kf3 80. Rh8 Ra3 {[%cal Ra3a1]} 81. Kg1 Ke2 {Black mates.} 82. Rxh5 Ra1+ 83. Kh2 f3 84. Re5+ Kf1 85. Rb5 f2 86. Re5 Ra7 87. Rh5 Re7 88. Rf5 Rh7+ 89. Kg3 Kg1 {Av CentiPawn Loss W=86/B=-72. Weighted=71/-101} 0-1

[Event "POL-chT 2nd League Juniors 2020"]
[Site "Sypniewo"]
[Date "2020.10.29"]
[Round "8.2"]
[White "Niemier, Hubert"]
[Black "Zniszczol, Wiktoria"]
[Result "1/2-1/2"]
[WhiteElo "1771"]
[BlackElo "1620"]
[Annotator "NA RC"]
[PlyCount "107"]
[EventDate "2020.10.23"]
[EventType "team-tourn"]
[EventCountry "POL"]
[SourceTitle "playchess.com"]
[Source "ChessBase"]
[SourceQuality "1"]
[TimeControl "5400+30"]

1. d4 Nf6 2. Bg5 Ne4 3. h4 h6 4. Bf4 d5 5. Nd2 Nf6 6. e3 e6 7. Bd3 Nbd7 8. Ngf3 c5 9. c3 a6 {[%emt 0:31:55]} 10. a4 {[%emt 0:05:59]} b6 {[%emt 0:00:58]} 11. Ne5 {[%emt 0:04:22]} Nxe5 {[%emt 0:01:42]} 12. dxe5 {[%emt 0:00:23]} Nd7 {[%emt 0:00:37]} 13. Nf3 {[%emt 0:00:09]} Bb7 {[%emt 0:02:10]} 14. g4 {[%emt 0:03:12]} Be7 {[%emt 0:05:07]} 15. Qe2 {[%emt 0:02:21]} c4 {[%emt 0:05:23]} 16. Bc2 {[%emt 0:00:21]} Nc5 {[%emt 0:00:07]} 17. Kd2 {[%emt 0:02:55]} Qd7 {[%emt 0:08:06]} 18. Nd4 {[%emt 0:05:49]} O-O-O {[%emt 0:10:44]} 19. h5 {[%emt 0:01:50]} Bc6 {[%emt 0:11:23]} 20. Qd1 {[%emt 0:12:48]} Bb7 {[%emt 0:06:14]} 21. f3 {[%emt 0:01:31]} Qc7 {[%emt 0:03:10]} 22. Qe2 {[%emt 0:01:09]} Nd7 {[%emt 0:04:47]} 23. Qh2 {[%emt 0:00:09]} Nc5 {[%emt 0:00:23]} 24. Bg3 {[%emt 0:03:30]} Qd7 {[%emt 0:00:52]} 25. Qe2 {[%emt 0:00:28]} Bc6 {[%emt 0:01:47]} 26. Qd1 {[%emt 0:02:47]} Bb7 {[%emt 0:00:39]} 27. Ra2 {[%emt 0:02:57]} Qc7 {[%emt 0:00:47]} 28. Qe2 {[%emt 0:01:43]} Nd7 {[%emt 0:00:45]} 29. Qh2 {[%emt 0:00:04]} Nc5 {[%emt 0:00:14]} 30. Rb1 {[%emt 0:00:08]} Rd7 {[%emt 0:03:23]} 31. Rf1 {[%emt 0:05:34]} Rdd8 {[%emt 0:01:18]} 32. f4 {[%emt 0:00:35]} Rhf8 {[%emt 0:01:03]} 33. f5 {[%emt 0:00:53]} Bg5 {[%emt 0:00:07]} 34. Raa1 {[%emt 0:08:19]} Qd7 {[%emt 0:00:31]} 35. Rf2 {[%emt 0:01:36]} Rg8 {[%emt 0:00:27]} 36. fxe6 {[%emt 0:00:54]} fxe6 {[%emt 0:00:22]} 37. Raf1 {[%emt 0:00:10]} Rde8 {[%emt 0:01:44]} 38. Bh4 {[%emt 0:02:08]} Bxh4 {[%emt 0:00:55]} 39. Qxh4 {[%emt 0:00:08]} Qe7 {[%emt 0:00:37]} 40. Qxe7 {[%emt 0:00:39]} Rxe7 {[%emt 0:00:06]} 41. Rf7 {[%emt 0:00:21]} Rge8 {[%emt 0:00:06]} 42. Bg6 {[%emt 0:00:59]} Kd7 {[%emt 0:00:24]} 43. a5 {[%emt 0:02:12]} bxa5 {[%emt 0:00:20]} 44. R7f3 {[%emt 0:01:15]} Rb8 {[%emt 0:00:29]} 45. Ra1 {[%emt 0:00:27]} a4 {[%emt 0:00:17]} 46. Kc2 {[%emt 0:00:33]} Bc6 {[%emt 0:00:34]} 47. Rf2 {[%emt 0:03:23]} Kc7 {[%emt 0:01:03]} 48. Rf3 {[%emt 0:04:33]} Bb5 {[%emt 0:00:56]} 49. Raf1 {[%emt 0:00:28]} Rb7 {[%emt 0:00:51]} 50. Rf8 {[%emt 0:04:50]} Kb6 {[%emt 0:00:08]} 51. Rd8 {[%emt 0:00:24]} Rbd7 {[%emt 0:00:47]} 52. Rg8 {[%emt 0:00:35]} Rb7 {[%emt 0:00:27]} 53. Rd8 {[%emt 0:02:41]} Rbd7 {[%emt 0:00:17]} 54. Rxd7 {[%emt 0:02:09]} 1/2-1/2

[Event "POL-chT 2nd League Juniors 2020"]
[Site "Sypniewo"]
[Date "2020.10.29"]
[Round "8.2"]
[White "Bialik, Nikodem"]
[Black "Szuber, Dawid"]
[Result "1/2-1/2"]
[WhiteElo "1547"]
[BlackElo "1496"]
[Annotator "NA RC"]
[PlyCount "168"]
[EventDate "2020.10.23"]
[EventType "team-tourn"]
[EventCountry "POL"]
[SourceTitle "playchess.com"]
[Source "ChessBase"]
[SourceQuality "1"]
[TimeControl "5400+30"]

1. e4 {[%emt 0:00:00]} c5 {[%emt 0:00:00]} 2. Nf3 {[%emt 0:00:00]} Nc6 {[%emt 0:01:15]} 3. Bb5 {[%emt 0:00:38]} e6 {[%emt 0:01:50]} 4. O-O {[%emt 0:02:05]} a6 {[%emt 0:01:44]} 5. Bxc6 {[%emt 0:00:42]} bxc6 {[%emt 0:00:06]} 6. e5 {[%emt 0:01:13]} d5 {[%emt 0:00:54]} 7. exd6 {[%emt 0:01:23]} Bxd6 {[%emt 0:00:07]} 8. Nc3 {[%emt 0:01:40]} Nf6 {[%emt 0:01:08]} 9. b3 {[%emt 0:00:42]} O-O {[%emt 0:01:34]} 10. Re1 {[%emt 0:01:12]} Qc7 {[%emt 0:01:27]} 11. d3 {[%emt 0:02:57]} h6 12. Na4 e5 {[%emt 0:06:01]} 13. h3 {[%emt 0:03:22]} Be6 {[%emt 0:02:35]} 14. Ba3 {[%emt 0:01:18]} Nd7 {[%emt 0:03:02]} 15. Qd2 {[%emt 0:05:36]} Rab8 {[%emt 0:02:45]} 16. Qe3 {[%emt 0:01:20]} Qa5 {[%emt 0:01:56]} 17. Nd2 {[%emt 0:01:13]} f5 {[%emt 0:04:21]} 18. Nf3 {[%emt 0:07:14]} Bd5 {[%emt 0:10:11]} 19. Bb2 {[%emt 0:06:13]} Rbe8 {[%emt 0:07:04]} 20. Rad1 {[%emt 0:09:09]} Qc7 {[%emt 0:02:44]} 21. c4 {[%emt 0:02:54]} Bf7 {[%emt 0:04:59]} 22. Nd2 {[%emt 0:08:04]} Bh5 {[%emt 0:05:52]} 23. f3 {[%emt 0:03:41]} Bg6 {[%emt 0:07:26]} 24. Ba3 {[%emt 0:06:47]} Qa5 {[%emt 0:04:18]} 25. Qf2 {[%emt 0:04:05]} Kh7 {[%emt 0:09:40]} 26. Re2 {[%emt 0:04:28]} Bf7 {[%emt 0:03:24]} 27. Nf1 {[%emt 0:09:12]} Kh8 {[%emt 0:04:29]} 28. Ng3 {[%emt 0:02:50]} Bg6 {[%emt 0:01:01]} 29. Nf1 {[%emt 0:01:24]} Bf7 {[%emt 0:00:17]} 30. Bc1 {[%emt 0:00:47]} Kh7 {[%emt 0:01:46]} 31. Bd2 {[%emt 0:02:42]} Qc7 {[%emt 0:01:29]} 32. Be3 {[%emt 0:00:43]} Qa5 {[%emt 0:03:21]} 33. Qe1 {[%emt 0:03:22]} Qc7 {[%emt 0:02:30]} 34. Bf2 {[%emt 0:02:07]} Kh8 {[%emt 0:01:13]} 35. a3 {[%emt 0:01:14]} Rb8 {[%emt 0:00:53]} 36. Rb1 {[%emt 0:00:50]} Bg6 {[%emt 0:00:47]} 37. b4 {[%emt 0:01:31]} cxb4 {[%emt 0:00:36]} 38. axb4 {[%emt 0:00:16]} Rfe8 {[%emt 0:01:54]} 39. c5 {[%emt 0:00:51]} Be7 {[%emt 0:01:32]} 40. Nd2 {[%emt 0:01:13]} Bf6 {[%emt 0:00:51]} 41. Nc4 {[%emt 0:00:27]} Rb5 {[%emt 0:00:54]} 42. Nd6 {[%emt 0:00:07]} Reb8 {[%emt 0:00:26]} 43. Nxb5 {[%emt 0:00:24]} axb5 {[%emt 0:00:20]} 44. Nb6 {[%emt 0:00:30]} f4 {[%emt 0:00:40]} 45. Qd1 {[%emt 0:01:01]} Nxb6 {[%emt 0:00:24]} 46. cxb6 {[%emt 0:00:07]} Qd6 {[%emt 0:00:07]} 47. Rd2 {[%emt 0:00:53]} Bd8 {[%emt 0:00:25]} 48. Rb3 {[%emt 0:01:40]} Bxb6 {[%emt 0:00:38]} 49. Bxb6 {[%emt 0:00:11]} Rxb6 {[%emt 0:00:03]} 50. d4 {[%emt 0:00:21]} e4 {[%emt 0:00:39]} 51. fxe4 {[%emt 0:00:30]} Bxe4 {[%emt 0:00:09]} 52. Re2 {[%emt 0:00:51]} Qd5 {[%emt 0:00:22]} 53. Ra3 {[%emt 0:00:52]} Rb8 {[%emt 0:01:25]} 54. Kh2 {[%emt 0:01:32]} f3 {[%emt 0:00:50]} 55. gxf3 {[%emt 0:00:34]} Qd6+ {[%emt 0:00:34]} 56. Kg1 {[%emt 0:00:22]} Bf5 {[%emt 0:00:25]} 57. Rh2 {[%emt 0:00:36]} Re8 {[%emt 0:00:25]} 58. Qd2 {[%emt 0:00:28]} Qg3+ {[%emt 0:00:21]} 59. Kf1 {[%emt 0:00:35]} Bxh3+ {[%emt 0:00:40]} 60. Rxh3 {[%emt 0:00:26]} Qxh3+ {[%emt 0:00:02]} 61. Kg1 {[%emt 0:00:13]} Qg3+ {[%emt 0:00:23]} 62. Kf1 {[%emt 0:00:05]} Qh3+ {[%emt 0:00:56]} 63. Kg1 {[%emt 0:00:04]} Qg3+ {[%emt 0:00:37]} 64. Kf1 {[%emt 0:00:05]} h5 {[%emt 0:00:28]} 65. Re3 {[%emt 0:00:54]} Rf8 {[%emt 0:00:27]} 66. Qf2 {[%emt 0:00:29]} Qxf2+ {[%emt 0:00:39]} 67. Kxf2 {[%emt 0:00:05]} Rf4 {[%emt 0:00:13]} 68. Rd3 {[%emt 0:00:54]} g5 {[%emt 0:00:28]} 69. Ke3 {[%emt 0:00:39]} h4 {[%emt 0:00:52]} 70. Rc3 {[%emt 0:00:05]} Rf6 {[%emt 0:00:31]} 71. Rc5 {[%emt 0:00:04]} Rg6 {[%emt 0:00:05]} 72. d5 {[%emt 0:00:28]} cxd5 {[%emt 0:00:35]} 73. Rxd5 {[%emt 0:00:05]} h3 {[%emt 0:00:11]} 74. Kf2 {[%emt 0:00:11]} Kg7 {[%emt 0:01:13]} 75. Kg3 {[%emt 0:00:32]} Rh6 {[%emt 0:00:28]} 76. Kh2 {[%emt 0:01:14]} Kf6 {[%emt 0:00:30]} 77. Rxb5 {[%emt 0:00:31]} Rh4 {[%emt 0:00:09]} 78. Rb8 {[%emt 0:01:11]} Ke6 {[%emt 0:00:41]} 79. b5 {[%emt 0:00:31]} Rf4 {[%emt 0:00:40]} 80. Kxh3 {[%emt 0:01:37]} Rxf3+ {[%emt 0:00:21]} 81. Kg4 {[%emt 0:00:04]} Rb3 {[%emt 0:00:27]} 82. Kxg5 {[%emt 0:00:15]} Kd6 {[%emt 0:00:16]} 83. b6 {[%emt 0:00:27]} Kc6 {[%emt 0:00:24]} 84. Rc8+ {[%emt 0:00:31]} Kb7 {[%emt 0:00:19]} 1/2-1/2

[Event "POL-chT 2nd League Juniors 2020"]
[Site "Sypniewo"]
[Date "2020.10.29"]
[Round "8.3"]
[White "Karut, Kacper"]
[Black "Skrzypinski, Jan"]
[Result "1-0"]
[WhiteElo "1657"]
[BlackElo "1418"]
[Annotator "NA RC"]
[PlyCount "95"]
[EventDate "2020.10.23"]
[EventType "team-tourn"]
[EventCountry "POL"]
[SourceTitle "playchess.com"]
[Source "ChessBase"]
[SourceQuality "1"]
[TimeControl "5400+30"]

1. e4 {[%emt 0:00:00]} c5 {[%emt 0:00:00]} 2. Nf3 {[%emt 0:00:00]} Nc6 {[%emt 0:00:00]} 3. d4 {[%emt 0:00:00]} cxd4 {[%emt 0:00:04]} 4. Nxd4 {[%emt 0:00:00]} e5 {[%emt 0:00:07]} 5. Nb5 {[%emt 0:03:29]} a6 {[%emt 0:00:10]} 6. Nd6+ {[%emt 0:00:18]} Bxd6 {[%emt 0:00:07]} 7. Qxd6 {[%emt 0:00:29]} Qe7 {[%emt 0:00:56]} 8. Qxe7+ {[%emt 0:05:44]} Ngxe7 {[%emt 0:00:13]} 9. c4 {[%emt 0:14:11]} Nd4 10. Bd3 {[%emt 0:02:20]} d6 {[%emt 0:01:32]} 11. Nc3 {[%emt 0:03:06]} O-O {[%emt 0:02:38]} 12. Nd5 {[%emt 0:11:42]} Nxd5 {[%emt 0:01:19]} 13. cxd5 {[%emt 0:01:25]} f5 {[%emt 0:04:37]} 14. f3 {[%emt 0:05:12]} fxe4 {[%emt 0:07:05]} 15. fxe4 {[%emt 0:01:22]} Bd7 {[%emt 0:00:27]} 16. Be3 {[%emt 0:02:09]} Bb5 {[%emt 0:03:25]} 17. Kd2 {[%emt 0:02:48]} Bxd3 {[%emt 0:00:20]} 18. Kxd3 {[%emt 0:00:38]} Rf6 {[%emt 0:19:06]} 19. Rhf1 {[%emt 0:07:39]} Raf8 {[%emt 0:03:09]} 20. Rxf6 {[%emt 0:02:50]} Rxf6 {[%emt 0:00:06]} 21. Rc1 {[%emt 0:01:24]} Rg6 {[%emt 0:00:38]} 22. Bxd4 {[%emt 0:02:51]} exd4 {[%emt 0:02:18]} 23. Rc2 {[%emt 0:00:31]} Kf8 {[%emt 0:01:01]} 24. Kxd4 {[%emt 0:00:14]} Ke8 {[%emt 0:00:09]} 25. Rf2 {[%emt 0:02:20]} Ke7 {[%emt 0:00:41]} 26. h3 {[%emt 0:02:18]} Rg5 {[%emt 0:01:40]} 27. g4 {[%emt 0:02:41]} g6 {[%emt 0:02:56]} 28. Rf4 {[%emt 0:06:09]} h5 {[%emt 0:02:12]} 29. h4 {[%emt 0:02:58]} Rxg4 {[%emt 0:05:29]} 30. Rxg4 {[%emt 0:00:04]} hxg4 {[%emt 0:00:06]} 31. Ke3 {[%emt 0:00:04]} Kf6 {[%emt 0:00:31]} 32. Kf4 {[%emt 0:00:05]} a5 {[%emt 0:02:18]} 33. Kxg4 {[%emt 0:01:28]} b5 {[%emt 0:00:42]} 34. Kf4 {[%emt 0:00:08]} b4 {[%emt 0:00:17]} 35. b3 {[%emt 0:00:04]} Kf7 {[%emt 0:00:19]} 36. e5 {[%emt 0:00:36]} dxe5+ {[%emt 0:00:10]} 37. Kxe5 {[%emt 0:00:04]} Ke7 {[%emt 0:00:02]} 38. d6+ {[%emt 0:00:19]} Kd7 {[%emt 0:00:03]} 39. Kd5 {[%emt 0:00:08]} Kd8 {[%emt 0:00:04]} 40. Ke6 {[%emt 0:00:10]} Ke8 {[%emt 0:00:03]} 41. d7+ {[%emt 0:00:06]} Kd8 {[%emt 0:00:05]} 42. Kd6 {[%emt 0:00:06]} a4 {[%emt 0:00:20]} 43. bxa4 {[%emt 0:00:31]} b3 {[%emt 0:00:14]} 44. axb3 {[%emt 0:00:04]} g5 {[%emt 0:00:05]} 45. h5 {[%emt 0:00:05]} g4 {[%emt 0:00:02]} 46. h6 {[%emt 0:00:04]} g3 {[%emt 0:00:03]} 47. h7 {[%emt 0:00:03]} g2 {[%emt 0:00:03]} 48. h8=R# {[%emt 0:00:09]} 1-0

[Event "POL-chT 2nd League Juniors 2020"]
[Site "Sypniewo"]
[Date "2020.10.29"]
[Round "8.3"]
[White "Bochenek, Ryszard"]
[Black "Cieply, Krzysztof"]
[Result "0-1"]
[WhiteElo "1445"]
[BlackElo "1573"]
[Annotator "NA RC"]
[PlyCount "118"]
[EventDate "2020.10.23"]
[EventType "team-tourn"]
[EventCountry "POL"]
[SourceTitle "playchess.com"]
[Source "ChessBase"]
[SourceQuality "1"]
[TimeControl "5400+30"]

1. e4 {[%emt 0:00:00]} c5 {[%emt 0:00:00]} 2. Nf3 {[%emt 0:00:00]} Nc6 {[%emt 0:00:00]} 3. d4 {[%emt 0:00:10]} cxd4 {[%emt 0:00:07]} 4. Nxd4 {[%emt 0:00:05]} Nf6 {[%emt 0:00:11]} 5. Nc3 {[%emt 0:00:32]} d6 {[%emt 0:00:11]} 6. Be3 {[%emt 0:01:53]} e5 {[%emt 0:00:12]} 7. Ndb5 {[%emt 0:02:38]} a6 {[%emt 0:01:44]} 8. Na3 {[%emt 0:00:20]} b5 {[%emt 0:02:48]} 9. Nd5 {[%emt 0:08:40]} Nxd5 {[%emt 0:00:23]} 10. Qxd5 Bd7 11. Be2 {[%emt 0:08:51]} Be7 {[%emt 0:03:17]} 12. O-O {[%emt 0:01:57]} O-O {[%emt 0:00:13]} 13. f4 {[%emt 0:02:45]} exf4 {[%emt 0:01:53]} 14. Bxf4 {[%emt 0:05:03]} Qb6+ {[%emt 0:00:15]} 15. Kh1 {[%emt 0:01:27]} Be6 {[%emt 0:00:10]} 16. Qd2 {[%emt 0:03:03]} Ne5 {[%emt 0:00:16]} 17. c3 {[%emt 0:05:51]} Ng6 {[%emt 0:08:07]} 18. Be3 {[%emt 0:11:58]} Qb7 {[%emt 0:01:05]} 19. Bd4 {[%emt 0:06:17]} f6 {[%emt 0:13:01]} 20. Rae1 {[%emt 0:06:22]} d5 {[%emt 0:03:46]} 21. Bd3 {[%emt 0:07:19]} Bxa3 {[%emt 0:08:52]} 22. bxa3 {[%emt 0:00:08]} dxe4 {[%emt 0:01:44]} 23. Bxe4 {[%emt 0:00:12]} Bd5 {[%emt 0:00:15]} 24. Qc2 {[%emt 0:01:21]} Bxe4 {[%emt 0:00:15]} 25. Qxe4 {[%emt 0:00:15]} Qxe4 {[%emt 0:00:30]} 26. Rxe4 {[%emt 0:00:05]} Rfe8 {[%emt 0:00:13]} 27. Rfe1 {[%emt 0:00:45]} Rxe4 {[%emt 0:03:10]} 28. Rxe4 {[%emt 0:00:06]} Kf7 {[%emt 0:00:06]} 29. Kg1 {[%emt 0:01:21]} Rc8 {[%emt 0:01:11]} 30. Kf2 {[%emt 0:05:16]} Rc4 {[%emt 0:01:12]} 31. Re3 {[%emt 0:01:15]} Ne7 {[%emt 0:05:31]} 32. Rd3 {[%emt 0:05:04]} Nd5 {[%emt 0:06:34]} 33. Kf3 {[%emt 0:01:26]} Ke6 {[%emt 0:01:13]} 34. g3 {[%emt 0:02:06]} g6 {[%emt 0:04:55]} 35. Ke2 {[%emt 0:00:53]} f5 {[%emt 0:00:39]} 36. Kd2 {[%emt 0:01:43]} g5 {[%emt 0:02:12]} 37. h3 {[%emt 0:01:21]} Ra4 {[%emt 0:04:48]} 38. Bc5 {[%emt 0:00:49]} Re4 {[%emt 0:00:11]} 39. Bf8 {[%emt 0:01:41]} h5 {[%emt 0:04:26]} 40. Bh6 {[%emt 0:01:11]} g4 {[%emt 0:02:06]} 41. h4 {[%emt 0:00:15]} Rc4 {[%emt 0:06:03]} 42. Bg7 {[%emt 0:02:06]} f4 {[%emt 0:00:23]} 43. gxf4 {[%emt 0:00:36]} Rxf4 {[%emt 0:00:10]} 44. Bd4 {[%emt 0:00:36]} Rf1 {[%emt 0:00:49]} 45. a4 Ra1 {[%emt 0:00:39]} 46. a3 {[%emt 0:01:36]} Rxa3 {[%emt 0:00:30]} 47. axb5 {[%emt 0:00:04]} axb5 {[%emt 0:00:05]} 48. Ke1 {[%emt 0:03:38]} b4 {[%emt 0:01:26]} 49. Rd2 {[%emt 0:01:53]} Nxc3 {[%emt 0:02:55]} 50. Bxc3 {[%emt 0:01:20]} Rxc3 {[%emt 0:00:34]} 51. Rd4 {[%emt 0:00:19]} b3 {[%emt 0:00:30]} 52. Rb4 {[%emt 0:00:04]} g3 {[%emt 0:05:21]} 53. Kf1 {[%emt 0:00:54]} Kf5 {[%emt 0:01:02]} 54. Kg1 {[%emt 0:00:26]} b2 {[%emt 0:01:28]} 55. Rxb2 {[%emt 0:00:08]} Kg4 {[%emt 0:00:05]} 56. Kg2 {[%emt 0:00:56]} Rc4 {[%emt 0:00:05]} 57. Rd2 {[%emt 0:00:41]} Kxh4 {[%emt 0:00:09]} 58. Kf3 {[%emt 0:00:03]} Kh3 {[%emt 0:01:03]} 59. Rd5 {[%emt 0:00:30]} h4 {[%emt 0:00:06]} 0-1

[Event "POL-chT 2nd League Juniors 2020"]
[Site "Sypniewo"]
[Date "2020.10.29"]
[Round "8.4"]
[White "Wojs, Alicja"]
[Black "Suszczynski, Dominik"]
[Result "1-0"]
[WhiteElo "1392"]
[BlackElo "1241"]
[Annotator "NA RC"]
[PlyCount "79"]
[EventDate "2020.10.23"]
[EventType "team-tourn"]
[EventCountry "POL"]
[SourceTitle "playchess.com"]
[Source "ChessBase"]
[SourceQuality "1"]
[TimeControl "5400+30"]

1. e4 {[%emt 0:00:00]} c5 {[%emt 0:00:00]} 2. Nf3 {[%emt 0:00:03]} d6 {[%emt 0:00:29]} 3. c3 {[%emt 0:01:47]} Nf6 {[%emt 0:01:06]} 4. h3 {[%emt 0:00:37]} Nbd7 {[%emt 0:04:20]} 5. Bd3 {[%emt 0:00:48]} Qc7 {[%emt 0:01:34]} 6. Bc2 {[%emt 0:01:07]} b6 {[%emt 0:02:34]} 7. O-O {[%emt 0:03:46]} Bb7 {[%emt 0:02:01]} 8. Re1 {[%emt 0:01:01]} e6 {[%emt 0:05:35]} 9. d4 {[%emt 0:00:30]} cxd4 {[%emt 0:00:30]} 10. cxd4 {[%emt 0:00:30]} Be7 {[%emt 0:00:30]} 11. Nc3 {[%emt 0:03:41]} Rc8 {[%emt 0:04:36]} 12. Bf4 {[%emt 0:02:31]} e5 {[%emt 0:05:49]} 13. Bg3 {[%emt 0:01:51]} O-O {[%emt 0:02:05]} 14. Rc1 {[%emt 0:01:22]} a6 {[%emt 0:00:59]} 15. Nd5 {[%emt 0:00:52]} Nxd5 {[%emt 0:00:29]} 16. exd5 {[%emt 0:00:10]} f6 {[%emt 0:02:09]} 17. Bxh7+ {[%emt 0:00:14]} Kxh7 {[%emt 0:00:24]} 18. Rxc7 {[%emt 0:00:06]} Rxc7 {[%emt 0:00:08]} 19. Nh4 {[%emt 0:00:40]} Rfc8 {[%emt 0:01:23]} 20. dxe5 {[%emt 0:01:01]} fxe5 {[%emt 0:00:09]} 21. Nf5 {[%emt 0:00:49]} Bf8 {[%emt 0:00:47]} 22. Qh5+ {[%emt 0:00:48]} Kg8 {[%emt 0:00:10]} 23. Qg6 {[%emt 0:00:38]} Nf6 {[%emt 0:02:10]} 24. Bh4 {[%emt 0:00:31]} Ne8 {[%emt 0:00:44]} 25. Qe6+ {[%emt 0:01:37]} Kh8 {[%emt 0:00:48]} 26. Be7 {[%emt 0:01:08]} Bxd5 {[%emt 0:01:27]} 27. Qxd5 {[%emt 0:01:09]} Bxe7 {[%emt 0:00:08]} 28. Qf7 {[%emt 0:00:27]} Bf6 {[%emt 0:01:05]} 29. Qh5+ {[%emt 0:00:28]} Kg8 {[%emt 0:00:02]} 30. Rd1 {[%emt 0:00:59]} Rd8 {[%emt 0:01:29]} 31. g4 {[%emt 0:02:39]} g5 {[%emt 0:02:35]} 32. Qg6+ {[%emt 0:03:34]} Kf8 {[%emt 0:01:12]} 33. Ng3 {[%emt 0:00:48]} Rg7 {[%emt 0:01:25]} 34. Qf5 {[%emt 0:00:26]} Rf7 {[%emt 0:00:57]} 35. Ne4 {[%emt 0:01:40]} Be7 {[%emt 0:00:34]} 36. Qe6 {[%emt 0:01:20]} Rf4 {[%emt 0:03:11]} 37. Qh6+ {[%emt 0:00:56]} Kg8 {[%emt 0:01:05]} 38. Nxg5 {[%emt 0:00:25]} Ng7 {[%emt 0:00:45]} 39. Qh7+ {[%emt 0:00:09]} Kf8 {[%emt 0:00:05]} 40. Qh8# {[%emt 0:00:05]} 1-0